000 00504nam a22001937a 4500
003 LK-CoDNM
005 20250106143749.0
008 241220b |||||||| |||| 00| 0 eng d
040 _aLK-CoDNM
_dLK-CoDNM
_eLK-CoDNM
041 _aeng
080 _a4
_bF9
100 _aSTEJNEGER,LEONHARD
245 _aA NEW GECKOID LIZARD FROM THE PHILIPPNE
260 _c1907
_aWASHIGTON
_bGOVERMENT PRINTING OFFICE
300 _a10P. : ill ; 24 cm
490 _v VOL 32
650 _ascience
942 _cBK
999 _c235101
_d235101